| 000 | 00364nam a2200145Ia 4500 | ||
|---|---|---|---|
| 008 | 150201s2010 xx 000 0 und d | ||
| 082 |
_a617.695 _bB2010M |
||
| 100 | _aMANAPALLIL,J.J | ||
| 245 | _aBASIC DENTAL MATERIALS | ||
| 250 | _a3RD | ||
| 260 |
_bJAYPEE MEDICAL PUBLISHER _aDELHI _c2010 |
||
| 300 | _a1-441 | ||
| 650 | _aDENTAL MATERIAL | ||
| 942 |
_2ddc _cBK _071 |
||
| 999 |
_c4674 _d4674 |
||